000 00372nam a2200145Ia 4500
003 GBCCL
005 20251127123253.0
008 180705b ||||| |||| 00| 0 eng d
040 _cGBC
082 _a220.52042
_bBIB
245 _a The Holy Bible:
_bRevised Standard Version
300 _axiii + 843 + 243 + 14 + 64p.
650 _aBible - English
_911521
942 _2ddc
_cREF
999 _c7013
_d7013